00301nam a2200133Ia 45000030006000000080041000060400015000471000015000622450027000772600026001043000006001305460014001360050017001500STCL150530s9999 xx 000 0 und d aSTCLcSTCL aNair, S.K. aKaalathinte Kavithakal bDeepam ; Ernakulamc0 a0 aMalayalam20220125170706.0